[Event "European Blitz 2022"]
[Site "Katowice POL"]
[Date "2022.12.16"]
[Round "22.27"]
[White "Grabarczyk, Miroslaw"]
[Black "Samunenkov, Ihor"]
[Result "0-1"]
[WhiteTitle "GM"]
[BlackTitle "IM"]
[WhiteElo "2337"]
[BlackElo "2488"]
[WhiteFideId "1101684"]
[BlackFideId "14187086"]
[EventDate "2022.12.16"]

1. d4 d5 2. c4 e6 3. Nf3 a6 4. cxd5 exd5 5. Nc3 c6 6. Bf4 Bd6 7. Bg3 Ne7 8. e3
O-O 9. Bd3 Bf5 10. Qc2 Bxd3 11. Qxd3 Qc7 12. O-O Bxg3 13. hxg3 Nd7 14. b4 b5 15.
a4 Nb6 16. a5 Nc4 17. e4 dxe4 18. Nxe4 Nd5 19. Rab1 Rfe8 20. Nc5 g6 21. Qb3 Qd6
22. Rbe1 Nc7 23. Qc2 Ne6 24. Re4 Nxc5 25. dxc5 Qf6 26. Rfe1 Rxe4 27. Qxe4 Rd8
28. g4 Nd2 29. Nxd2 Rxd2 30. Re2 Rd4 31. Qe8+ Kg7 32. g5 Qxg5 33. Qe5+ Qxe5 34.
Rxe5 Rxb4 35. Re7 Rc4 36. Ra7 Rxc5 37. Rxa6 b4 38. Rb6 Rxa5 39. Rxb4 Ra1+ 40.
Kh2 Ra7 41. Kg3 c5 42. Rb6 Rc7 43. Kf3 c4 44. Ke2 c3 45. Kd1 c2+ 46. Kc1 h5 47.
Rb3 Kf6 48. Rb5 g5 49. g3 Kg6 50. Ra5 h4 51. g4 Rc4 52. f3 Rc3 0-1

[Event "European Blitz 2022"]
[Site "Katowice POL"]
[Date "2022.12.16"]
[Round "22.28"]
[White "Nasuta, Grzegorz"]
[Black "Cherniaiev, Tykhon"]
[Result "1-0"]
[WhiteTitle "GM"]
[BlackTitle "FM"]
[WhiteElo "2546"]
[BlackElo "2330"]
[WhiteFideId "1141686"]
[BlackFideId "14182360"]
[EventDate "2022.12.16"]

1. e4 e5 2. Nf3 Nc6 3. Bc4 Nf6 4. d3 Be7 5. O-O O-O 6. a3 d6 7. h3 Na5 8. Ba2 c5
9. b4 Nc6 10. bxc5 dxc5 11. Bg5 h6 12. Bxf6 Bxf6 13. Nc3 Nd4 14. Nd5 Be6 15. c3
Nxf3+ 16. Qxf3 Bxd5 17. Bxd5 Qc7 18. Rab1 Rab8 19. Qf5 Qa5 20. Rb3 b5 21. f4 Qc7
22. d4 c4 23. fxe5 Bxe5 24. Rb2 Bd6 25. Rbf2 Kh8 26. Bxf7 Bxa3 27. Qh5 Be7 28.
e5 b4 29. cxb4 c3 30. Bb3 Rxf2 31. Rxf2 Rf8 32. Rxf8+ Bxf8 33. Qe8 Qe7 34. Qxe7
Bxe7 35. b5 Bd8 36. Kf2 g5 37. Ke3 Kg7 38. Ke4 Kf8 39. d5 Ke7 40. d6+ Kd7 41.
Kd5 Bb6 42. e6+ Ke8 43. Bc2 Bd8 44. Bg6+ Kf8 45. Kc6 Bf6 46. Kd7 Kg7 47. Bc2 Kf8
48. e7+ Kg7 49. e8=Q Bd4 50. Qe7+ Kh8 51. Qe4 Bf6 52. Qf5 Bd4 53. Qg6 Be5 54.
Qxh6+ Kg8 55. Qxg5+ Kh8 56. Qxe5+ Kg8 57. Bb3+ Kh7 58. Bg8+ Kxg8 59. Qxc3 Kf7
60. Qf3+ Kg7 61. Ke7 Kh7 62. d7 Kg7 63. d8=N Kh7 64. g4 Kg7 65. Nc6 Kh7 66. g5
Kh8 67. Kf6 Kh7 68. Qh5+ Kg8 69. Kg6 Kf8 70. Qh6+ Kg8 71. Qh7+ Kf8 72. Nd4 Ke8
73. Qf7+ Kd8 74. h4 a6 75. bxa6 Kc8 76. h5 Kb8 77. h6 Kc8 78. h7 Kb8 79. h8=N
Kc8 80. Kf5 Kb8 81. g6 Kc8 82. g7 Kb8 83. g8=N Kc8 84. Nf6 Kb8 85. Nd5 Kc8 86.
Ng6 Kb8 87. Ne5 Kc8 88. Nb5 Kb8 89. Nd6 Ka8 90. Nb6+ Kb8 91. Nc6# 1-0

[Event "European Blitz 2022"]
[Site "Katowice POL"]
[Date "2022.12.16"]
[Round "22.29"]
[White "Gaehwiler, Gabriel"]
[Black "Haydon, David L"]
[Result "0-1"]
[WhiteTitle "IM"]
[BlackTitle "FM"]
[WhiteElo "2408"]
[BlackElo "2289"]
[WhiteFideId "1314530"]
[BlackFideId "415405"]
[EventDate "2022.12.16"]

1. d4 c6 2. Nf3 d5 3. c4 e6 4. Nc3 Nf6 5. g3 Bd6 6. Bg2 Nbd7 7. Nd2 Bb4 8. O-O
O-O 9. e4 dxe4 10. Ndxe4 h6 11. Bf4 Re8 12. Nd6 Re7 13. c5 Ba5 14. Rc1 Nf8 15.
Qe2 Bc7 16. Be5 Ng6 17. Rfd1 Nd5 18. Nc4 Nxe5 19. dxe5 b6 20. Nd6 bxc5 21. Nce4
Bb6 22. Nxc5 Rb8 23. b3 Ba5 24. Nce4 Bd7 25. Kh1 Bc7 26. Qf3 Qf8 27. Nc5 Bc8 28.
Qe4 Rb4 29. Qe2 a5 30. Be4 f6 31. f4 f5 32. Bg2 Bb6 33. Nd3 Rd4 34. Nc4 Bc7 35.
Qf2 c5 36. Nxc5 Rxd1+ 37. Rxd1 Nc3 38. Rc1 Ne4 39. Nxe4 fxe4 40. Bxe4 Rd7 41.
Qc2 Ba6 42. Rd1 Rxd1+ 43. Qxd1 Qc5 44. Qd7 Kf8 45. Bc6 Qe7 46. Nd6 Qxd7 47. Bxd7
Bd3 48. Bxe6 Bb1 49. Bd7 Bxa2 50. Ba4 Bb1 51. Kg2 Ke7 52. Nc4 Be4+ 53. Kf2 Bd8
54. Ke3 Bg2 55. f5 Bh3 56. Nd6 Bc7 57. Nc8+ Kd8 58. Nd6 Ke7 59. Ke4 Bxd6 60.
exd6+ Kxd6 61. Kf4 Bf1 62. g4 Be2 63. h4 Ke7 64. g5 hxg5+ 65. hxg5 Kd6 66. Be8
Ke7 67. Bc6 Kd6 68. Bf3 Bd3 69. Be4 Bb5 70. Bc2 Bd7 71. Ke4 Bc6+ 72. Kd4 Bd7 73.
Bd3 Bc6 74. f6 gxf6 75. g6 Ke7 76. Kc5 Be8 77. g7 Bf7 78. Bc4 Bxc4 79. bxc4 Kf7
80. Kb6 a4 81. c5 a3 82. c6 a2 83. c7 a1=Q 84. c8=Q Qb2+ 85. Ka5 Qd2+ 86. Ka4
Qd4+ 87. Kb3 Kxg7 88. Kc2 Qe4+ 89. Kd2 f5 90. Qc7+ Kf6 91. Qd8+ Kg6 92. Qg8+ Kh5
93. Qh7+ Kg4 94. Qg7+ Kf3 95. Qh7 Qe2+ 96. Kc3 Qe3+ 97. Kc4 f4 98. Qh3+ Ke2 99.
Qg2+ Kd1 100. Qh1+ Kd2 101. Qd5+ Kc2 102. Qg2+ Kd1 103. Qf1+ Kd2 104. Qh1 f3
105. Qh2+ Qe2+ 0-1

[Event "European Blitz 2022"]
[Site "Katowice POL"]
[Date "2022.12.16"]
[Round "22.32"]
[White "Karolczuk, Iwo"]
[Black "Seo, Jung Min"]
[Result "1-0"]
[WhiteTitle "FM"]
[BlackTitle "IM"]
[WhiteElo "2327"]
[BlackElo "2502"]
[WhiteFideId "21816972"]
[BlackFideId "1734687"]
[EventDate "2022.12.16"]

1. e4 c5 2. Nc3 e6 3. Nge2 Nc6 4. g3 Nf6 5. Bg2 Be7 6. O-O O-O 7. b3 a6 8. Bb2
b5 9. d4 cxd4 10. Nxd4 Bb7 11. e5 Ne8 12. Ne4 Nxe5 13. Nxb5 axb5 14. Bxe5 d5 15.
Nc3 b4 16. Na4 Bc6 17. Nb2 f6 18. Bf4 e5 19. Be3 Qd7 20. Nc4 Rd8 21. Nb2 Nc7 22.
Nd3 d4 23. Bxc6 Qxc6 24. Bd2 Nd5 25. Nb2 Nc3 26. Qe1 e4 27. Nc4 f5 28. a4 bxa3
29. Bxc3 dxc3 30. Nxa3 Rd2 31. Nc4 Rxc2 32. Qd1 Rb2 33. Nxb2 cxb2 34. Rb1 Bf6
35. Qd2 Rd8 36. Qe2 Qc3 37. Rfd1 Rb8 38. Qa6 Qxb3 39. Qa5 Qb5 40. Qc7 h6 41. h4
Kh8 42. h5 Re8 43. Qf7 Rb8 44. Qe6 Qc5 45. Kg2 Rc8 46. Qd7 Rd8 47. Qxd8+ Bxd8
48. Rxd8+ Kh7 49. Rxb2 f4 50. g4 f3+ 51. Kh3 Qc1 52. Rbb8 Qf1+ 53. Kg3 Qg1+ 54.
Kf4 Qc1+ 55. Kxe4 Qc4+ 56. Kf5 Qc5+ 57. Kf4 Qc7+ 58. Kxf3 Qc6+ 59. Kg3 Qc7+ 60.
Kh3 Qc3+ 61. Kg2 Qc6+ 62. Kg3 Qc7+ 63. Kh3 Qc3+ 64. Kg2 Qc6+ 65. f3 Qc2+ 66. Kh3 1-0

[Event "European Blitz 2022"]
[Site "Katowice POL"]
[Date "2022.12.16"]
[Round "22.33"]
[White "Kjartansson, Gudmundur"]
[Black "Krzyzanowski, Marcin"]
[Result "1/2-1/2"]
[WhiteTitle "GM"]
[BlackTitle "GM"]
[WhiteElo "2453"]
[BlackElo "2538"]
[WhiteFideId "2301318"]
[BlackFideId "1132199"]
[EventDate "2022.12.16"]

1. c4 e5 2. g3 Nf6 3. Bg2 d5 4. cxd5 Nxd5 5. Nf3 Nc6 6. O-O Nb6 7. b3 Bd6 8. Bb2
O-O 9. Nc3 f5 10. d3 a6 11. Nd2 Kh8 12. Nc4 Nxc4 13. bxc4 Qe8 14. Nd5 Qf7 15.
Rc1 Be6 16. Ba1 Rad8 17. Qd2 Bc5 18. Rb1 Rb8 19. e3 Bd6 20. Rfc1 Nd8 21. Nc3 c6
22. Ne2 Rc8 23. Bc3 Bb8 24. Qb2 e4 25. dxe4 fxe4 26. Nd4 Bxc4 27. Bxe4 b5 28.
Nf5 Ne6 29. Rd1 Rcd8 30. Rxd8 Rxd8 31. Nd4 Nxd4 32. Bxd4 Bd5 33. Bxd5 Rxd5 34.
Rc1 Qd7 35. Qc3 c5 36. Bxc5 Be5 37. Qc2 Rd2 38. Qe4 Bf6 39. Bb4 Rd1+ 40. Rxd1
Qxd1+ 41. Kg2 h6 42. a3 Qd8 43. h4 a5 44. Bc5 Qc8 45. Qd5 Qb8 46. Bd6 Qd8 47.
Qc6 Be7 48. Bxe7 Qxe7 49. Qxb5 Qxa3 50. Qb8+ Kh7 51. Qb1+ Kh8 52. Qb8+ Kh7 53.
Qb1+ Kg8 54. Qb8+ Qf8 55. Qb3+ Kh8 56. Qb5 Qa8+ 57. Kh3 a4 58. Qb2 a3 59. Qa2 h5
60. Kh2 Qf8 61. f4 Qb4 62. Qf7 Qb2+ 63. Kh3 Qb5 64. Qf8+ Kh7 65. Qxa3 Qf1+ 66.
Kh2 Qf2+ 67. Kh1 Qf1+ 1/2-1/2

[Event "European Blitz 2022"]
[Site "Katowice POL"]
[Date "2022.12.16"]
[Round "22.34"]
[White "Baum, Jonasz"]
[Black "Stefanova, Antoaneta"]
[Result "1-0"]
[WhiteTitle "IM"]
[BlackTitle "GM"]
[WhiteElo "2420"]
[BlackElo "2442"]
[WhiteFideId "1195360"]
[BlackFideId "2902257"]
[EventDate "2022.12.16"]

1. d4 d5 2. c4 c6 3. Nf3 Nf6 4. Nc3 a6 5. e3 e6 6. b3 Bb4 7. Bd2 O-O 8. Bd3 Qe7
9. O-O Nbd7 10. Qe2 b6 11. Na4 Bd6 12. Rac1 c5 13. dxc5 bxc5 14. Bc3 Bb7 15. Bb2
e5 16. Bb1 e4 17. Nh4 Qe6 18. cxd5 Nxd5 19. Rfd1 Be7 20. Qh5 f5 21. g3 Rf7 22.
Ng2 N7f6 23. Qe2 Rc8 24. a3 a5 25. Ba2 Ba6 26. Qe1 Bd8 27. Nxc5 Rxc5 28. Rxc5
Rd7 29. b4 Bb7 30. Bxf6 Bxf6 31. Nf4 Qe8 32. Bxd5+ Bxd5 33. Rdxd5 Rb7 34. Qc1
Rb8 35. Qc4 Kh8 36. Rxa5 h6 37. Rxf5 Qd7 38. Qxe4 Qd1+ 39. Kg2 Rc8 40. Rxf6 gxf6
41. Ra7 Qc2 42. Qxc2 Rxc2 43. b5 Rb2 44. a4 Kg8 45. Nd5 f5 46. b6 f4 47. gxf4 h5
48. b7 h4 49. Ra8+ Kf7 50. b8=Q Rxb8 51. Rxb8 h3+ 52. Kf3 Ke6 53. a5 Kxd5 54. a6
Ke6 55. Rb6+ Kf7 56. a7 Ke7 57. a8=R Kf7 58. Ra7+ Kf8 59. Rb8# 1-0

[Event "European Blitz 2022"]
[Site "Katowice POL"]
[Date "2022.12.16"]
[Round "22.35"]
[White "Haug, Havard"]
[Black "Wieczorek, Oskar"]
[Result "1-0"]
[BlackTitle "GM"]
[WhiteElo "2044"]
[BlackElo "2504"]
[WhiteFideId "1547887"]
[BlackFideId "1133950"]
[EventDate "2022.12.16"]

1. e4 c5 2. c3 d6 3. d4 Nf6 4. Bd3 Nc6 5. Nf3 e5 6. dxe5 dxe5 7. O-O Be7 8. Na3
O-O 9. Bg5 Be6 10. Bxf6 Bxf6 11. Bc4 Bg4 12. h3 Bh5 13. Nc2 Bg6 14. Qe2 Qc7 15.
Rad1 a6 16. Bd5 Ne7 17. Ne3 Rad8 18. c4 Nc6 19. Bxc6 bxc6 20. Ng4 Qe7 21. Rxd8
Rxd8 22. Rd1 Rxd1+ 23. Qxd1 Bxe4 24. Nfxe5 Bxe5 25. Nxe5 h5 26. Nf3 Qf6 27. b3
g6 28. Qe2 Bf5 29. Qe5 Kg7 30. Qxc5 Qa1+ 31. Kh2 Qxa2 32. Nd4 Bb1 33. Qe5+ Kg8
34. Nxc6 Qxf2 35. Ne7+ Kh7 36. Nd5 Qf5 37. Qxf5 Bxf5 38. b4 Be6 39. Ne3 Kg7 40.
b5 axb5 41. cxb5 Kf6 42. b6 Ke5 43. b7 1-0

[Event "European Blitz 2022"]
[Site "Katowice POL"]
[Date "2022.12.16"]
[Round "22.36"]
[White "Suder, Jakub"]
[Black "Horvath, Dominik"]
[Result "1-0"]
[WhiteTitle "FM"]
[BlackTitle "IM"]
[WhiteElo "2244"]
[BlackElo "2502"]
[WhiteFideId "1195310"]
[BlackFideId "1642561"]
[EventDate "2022.12.16"]

1. d4 Nf6 2. c4 e6 3. Nc3 d5 4. cxd5 exd5 5. Bg5 Bb4 6. e3 h6 7. Bxf6 Qxf6 8. a3
Bxc3+ 9. bxc3 O-O 10. Ne2 Re8 11. Ng3 Nd7 12. Bd3 Nb6 13. O-O g6 14. Qd2 h5 15.
f3 h4 16. Nh1 Qg5 17. Rae1 Bh3 18. f4 Qg4 19. Rf3 Qxf3 20. gxf3 c5 21. Qf2 cxd4
22. cxd4 Rac8 23. Qxh4 Be6 24. f5 Bxf5 25. Bxf5 gxf5 26. Ng3 Re6 27. Kh1 Nc4 28.
Nxf5 1-0

[Event "European Blitz 2022"]
[Site "Katowice POL"]
[Date "2022.12.16"]
[Round "22.37"]
[White "Klenburg, Michael"]
[Black "Wisniewski, Michal"]
[Result "1-0"]
[WhiteTitle "IM"]
[BlackTitle "FM"]
[WhiteElo "2347"]
[BlackElo "2168"]
[WhiteFideId "14102072"]
[BlackFideId "1159682"]
[EventDate "2022.12.16"]

1. g3 d5 2. Bg2 Bf5 3. Nf3 Nf6 4. d3 e6 5. O-O h6 6. c4 c6 7. Be3 Be7 8. Qb3 Qc8
9. Rc1 O-O 10. Nc3 Qd7 11. cxd5 exd5 12. Ne5 Qe6 13. Qxb7 Nfd7 14. Qxa8 Qxe5 15.
Qxa7 Bf6 16. a4 Qe6 17. a5 Ne5 18. Bf4 Nbd7 19. a6 d4 20. Ne4 Bxe4 21. Bxe4 c5
22. Qb7 c4 23. a7 Nc5 24. Qd5 1-0

[Event "European Blitz 2022"]
[Site "Katowice POL"]
[Date "2022.12.16"]
[Round "22.38"]
[White "Marn, Jan"]
[Black "Asllani, Muhamet"]
[Result "1-0"]
[WhiteTitle "FM"]
[WhiteElo "2332"]
[BlackElo "2228"]
[WhiteFideId "14619245"]
[BlackFideId "22100300"]
[EventDate "2022.12.16"]

1. e4 e5 2. Nc3 Nf6 3. f4 exf4 4. d4 d5 5. e5 Ne4 6. Nxe4 dxe4 7. Bxf4 c6 8. Bc4
Bf5 9. Ne2 Nd7 10. O-O Nb6 11. Bb3 Bg6 12. Qd2 Be7 13. c4 O-O 14. Nc3 a5 15. a4
Bb4 16. Qe3 Qd7 17. Nxe4 Rad8 18. Rad1 Rfe8 19. c5 Nd5 20. Bxd5 cxd5 21. Nd6 Re6
22. Qf2 b6 23. cxb6 Rb8 24. Rc1 Bxd6 25. exd6 Rxb6 26. Rc7 Qxa4 27. d7 1-0

[Event "European Blitz 2022"]
[Site "Katowice POL"]
[Date "2022.12.16"]
[Round "22.39"]
[White "Luczak, Filip"]
[Black "Kyc, Jerzy"]
[Result "0-1"]
[WhiteTitle "FM"]
[WhiteElo "2326"]
[BlackElo "2230"]
[WhiteFideId "1193686"]
[BlackFideId "1163922"]
[EventDate "2022.12.16"]

1. b3 Nf6 2. Bb2 g6 3. e3 Bg7 4. Nf3 O-O 5. Be2 d5 6. O-O c5 7. c4 d4 8. d3 Nc6
9. e4 e5 10. Nbd2 Nh5 11. Re1 Nf4 12. Bf1 f5 13. g3 fxe4 14. Nxe4 Nh3+ 15. Kg2
b6 16. Ng1 Ng5 17. Nxg5 Qxg5 18. Nf3 Qf5 19. Qe2 Bb7 20. Nd2 Nb4+ 21. Ne4 Nxd3
22. Qxd3 Qxf2+ 23. Kh1 Qxb2 24. Bg2 Kh8 25. Rf1 Rxf1+ 26. Rxf1 Rf8 27. Rxf8+
Bxf8 28. Qf1 Bg7 29. h4 h5 30. Qf7 Qb1+ 31. Kh2 Bxe4 0-1

[Event "European Blitz 2022"]
[Site "Katowice POL"]
[Date "2022.12.16"]
[Round "22.40"]
[White "Saraci, Nderim"]
[Black "Budrewicz, Krzysztof"]
[Result "0-1"]
[WhiteTitle "IM"]
[WhiteElo "2468"]
[BlackElo "2184"]
[WhiteFideId "6351921"]
[BlackFideId "1127950"]
[EventDate "2022.12.16"]

1. e4 g6 2. Nf3 Bg7 3. d4 d6 4. Nc3 a6 5. Be3 b5 6. a4 b4 7. Ne2 Bb7 8. Ng3 Nd7
9. Bd3 Ngf6 10. h3 O-O 11. O-O c5 12. c3 cxd4 13. cxd4 Qa5 14. Nd2 Rfc8 15. Nc4
Qd8 16. Qd2 d5 17. exd5 Nxd5 18. Rac1 Nxe3 19. fxe3 a5 20. Be4 Bxe4 21. Nxe4 Nb6
22. Nxb6 Qxb6 23. Qf2 f5 24. Nc5 e5 25. Rfd1 exd4 26. exd4 Qd6 27. Qe3 Re8 28.
Qb3+ Kh8 29. Qc4 Qg3 30. Qd3 Re3 31. Qd2 Rae8 32. Qf2 Qd6 33. Rc4 Re2 34. Qf3
Rxb2 35. Nd3 Rbe2 36. Nf4 R2e4 37. Nd3 Rxd4 38. Rxd4 Qxd4+ 39. Kh1 Rd8 40. Nf2
Qb6 41. Rxd8+ Qxd8 42. Qb7 h6 43. Qc6 Kh7 44. Qf3 Qd4 45. Nd3 b3 46. Qf1 Qa1 0-1

[Event "European Blitz 2022"]
[Site "Katowice POL"]
[Date "2022.12.16"]
[Round "22.41"]
[White "Kruckenhauser, Arthur"]
[Black "Hjartarson, Johann"]
[Result "1/2-1/2"]
[WhiteTitle "FM"]
[BlackTitle "GM"]
[WhiteElo "2339"]
[BlackElo "2476"]
[WhiteFideId "1642812"]
[BlackFideId "2300044"]
[EventDate "2022.12.16"]

1. e4 Nf6 2. Nc3 e5 3. Nf3 Nc6 4. a3 Be7 5. d4 exd4 6. Nxd4 d6 7. Nxc6 bxc6 8.
Bd3 O-O 9. O-O c5 10. b3 Bb7 11. Bb2 Re8 12. Re1 Nd7 13. Nd5 Bxd5 14. exd5 Bf6
15. Rxe8+ Qxe8 16. Bxf6 Nxf6 17. Qf3 Qe5 18. Rd1 Re8 19. h3 g6 20. Bb5 Re7 21.
a4 Kg7 22. a5 h5 23. a6 h4 24. Bc4 Qg5 25. Qc3 Qe5 26. Qxe5 Rxe5 27. Kf1 Ne4 28.
f3 Nc3 29. Rd3 Ne2 30. Kf2 Nf4 31. Rd1 g5 32. c3 f5 33. b4 cxb4 34. cxb4 Kf6 35.
Rc1 Re7 36. Rc3 Re8 37. b5 Rb8 38. Rc1 Ke5 39. Bf1 Nxd5 40. Re1+ Kf6 41. Bc4 Nb6
42. Re6+ Kf7 43. Bb3 d5 44. Rh6 Kg7 45. Rc6 Rc8 46. Bc2 Na8 47. Bxf5 Rd8 48. Ke3
d4+ 49. Kd3 Rd5 50. Be4 Rxb5 51. Rc2 Rb8 52. Kxd4 Rd8+ 53. Ke5 Rf8 54. Bxa8 Rxa8
55. Rxc7+ Kg6 56. Rc6+ Kh5 57. Kd6 Rb8 58. Kc7 Rb2 59. Rc5 Rb6 60. Ra5 Kg6 61.
Kd7 Kf6 62. Kc7 Kg6 63. Kd7 Kf6 64. Ke8 Rd6 65. Ra4 Rb6 66. Ra5 Rb2 67. Rc5 Rxg2
68. Rc7 Rf2 69. Rxa7 Ra2 70. Kd7 Ke5 71. Kc6 Kf4 72. Rf7+ Kg3 73. Kb7 Kxh3 74.
a7 g4 75. fxg4 Kxg4 76. Rf6 Rxa7+ 77. Kxa7 h3 78. Kb6 h2 79. Rh6 Kg3 80. Kc5 Kg2
81. Rxh2+ Kxh2 1/2-1/2

[Event "European Blitz 2022"]
[Site "Katowice POL"]
[Date "2022.12.16"]
[Round "22.42"]
[White "Szpar, Milosz"]
[Black "Ternault, Mathieu"]
[Result "1-0"]
[WhiteTitle "IM"]
[BlackTitle "FM"]
[WhiteElo "2428"]
[BlackElo "2351"]
[WhiteFideId "1184989"]
[BlackFideId "20641532"]
[EventDate "2022.12.16"]

1. e4 Nc6 2. Nf3 d6 3. d4 Nf6 4. c3 g6 5. Bd3 Bg7 6. O-O O-O 7. h3 e5 8. Re1 a6
9. Na3 b5 10. Nc2 Nh5 11. a4 Rb8 12. axb5 axb5 13. Bg5 Qe8 14. Qd2 Bd7 15. Bf1
f6 16. Be3 Kh8 17. g4 Nf4 18. Bxf4 exf4 19. Qxf4 Rf7 20. Ne3 Qf8 21. Bd3 Bh6 22.
Qg3 Ne7 23. Ra7 Qd8 24. g5 Bg7 25. gxf6 Bxf6 26. e5 dxe5 27. Nxe5 Rg7 28. Nxd7
Qxd7 29. Rxc7 Qd8 30. Ng4 Nf5 31. Bxf5 Qxc7 32. Bd3 Bg5 33. Re5 Be7 34. Rxb5
Qxg3+ 35. fxg3 Rxb5 36. Bxb5 Bd6 37. Kf2 Rf7+ 38. Kg2 Ra7 39. Ne3 Kg7 40. Kf3
Rf7+ 41. Kg2 Re7 42. Nc4 Bb8 43. Kf3 h5 44. g4 Rf7+ 45. Ke2 Rf4 46. Bd7 Rf7 47.
Bc6 h4 48. b4 Kf6 49. b5 Ke7 50. b6 Rf6 51. Bd5 Kd8 52. b7 Bg3 53. Ne5 Kc7 54.
b8=Q+ 1-0

[Event "European Blitz 2022"]
[Site "Katowice POL"]
[Date "2022.12.16"]
[Round "22.43"]
[White "Gretarsson, Helgi Ass"]
[Black "Vardanyan, Aras"]
[Result "1-0"]
[WhiteTitle "GM"]
[BlackTitle "CM"]
[WhiteElo "2451"]
[BlackElo "2271"]
[WhiteFideId "2300699"]
[BlackFideId "12808792"]
[EventDate "2022.12.16"]

1. d4 Nf6 2. c4 c5 3. d5 b5 4. cxb5 a6 5. bxa6 g6 6. Nc3 Bg7 7. e4 O-O 8. a7
Rxa7 9. Nf3 e6 10. Be2 exd5 11. exd5 d6 12. O-O Na6 13. Bf4 Nc7 14. Bc4 Bb7 15.
Re1 Ba6 16. Nd2 Re8 17. Rxe8+ Nfxe8 18. Qf3 Qf6 19. Nde4 Qd4 20. Bxa6 Rxa6 21.
Rd1 Qb4 22. Rd2 Bd4 23. h4 Nb5 24. a3 Qb3 25. Nxb5 Qxb5 26. Nc3 Qb3 27. Re2 Nf6
28. Bh6 Ra8 29. Ne4 Qxf3 30. gxf3 Nxd5 31. Nxd6 Bg7 32. Bxg7 Kxg7 33. Rc2 Rb8
34. Rxc5 Nf4 35. b4 Rd8 36. Ne4 Rd1+ 37. Kh2 f5 38. Rc7+ Kf8 39. Nf6 Rd3 40. a4
Rxf3 41. a5 Nd3 42. a6 Rxf2+ 43. Kg1 Ra2 44. b5 Ne1 45. Nxh7+ Ke8 46. a7 Nf3+
47. Kf1 Kd8 48. Rb7 Nd2+ 49. Ke1 1-0

[Event "European Blitz 2022"]
[Site "Katowice POL"]
[Date "2022.12.16"]
[Round "22.44"]
[White "Thorfinnsson, Bjorn"]
[Black "Chyzy, Jakub"]
[Result "1-0"]
[WhiteTitle "IM"]
[BlackTitle "FM"]
[WhiteElo "2374"]
[BlackElo "2247"]
[WhiteFideId "2300982"]
[BlackFideId "21806209"]
[EventDate "2022.12.16"]

1. d4 Nf6 2. Nf3 d6 3. Bg5 Nbd7 4. e3 h6 5. Bh4 g5 6. Bg3 Nh5 7. Bd3 Bg7 8. Nbd2
e6 9. Nf1 Qe7 10. h3 Nxg3 11. Nxg3 f5 12. c3 Nf6 13. Qb3 b6 14. Bb5+ Bd7 15.
Bxd7+ Qxd7 16. O-O-O O-O-O 17. Rhe1 Ne4 18. Nxe4 fxe4 19. Nd2 d5 20. f3 exf3 21.
Nxf3 Rhf8 22. e4 Kb7 23. Rd2 Rf4 24. exd5 exd5 25. Rde2 Bf6 26. Re6 Rf8 27. Qc2
g4 28. hxg4 Rxg4 29. Kb1 Qg7 30. Qf5 c6 31. Rd6 Rf7 32. Re8 Bd8 33. Qe6 Re4 34.
Ne5 Rf1+ 35. Kc2 Qxg2+ 36. Kb3 Rb1 37. Qd7+ Ka6 38. Qc8+ Kb5 39. Qxc6+ Ka6 40.
Qa4+ Kb7 41. Rd7+ Bc7 42. Rxc7+ Kxc7 43. Qc6# 1-0

[Event "European Blitz 2022"]
[Site "Katowice POL"]
[Date "2022.12.16"]
[Round "22.45"]
[White "Spalir, Jernej"]
[Black "Aymerich Verdaguer, Eduard"]
[Result "1-0"]
[WhiteTitle "IM"]
[BlackTitle "CM"]
[WhiteElo "2377"]
[BlackElo "2208"]
[WhiteFideId "14606518"]
[BlackFideId "32049293"]
[EventDate "2022.12.16"]

1. d4 Nf6 2. c4 g6 3. Nc3 d6 4. g3 Bg7 5. Bg2 O-O 6. Nf3 Nbd7 7. O-O e5 8. e4
Re8 9. h3 c6 10. Re1 Qe7 11. d5 c5 12. a3 h6 13. b4 b6 14. Rf1 Nh7 15. Ne1 f5
16. Nd3 f4 17. Rb1 g5 18. bxc5 bxc5 19. Bd2 Nb6 20. Nb2 Nf6 21. a4 h5 22. a5
Nbd7 23. Nd3 Nf8 24. Kh2 Ng6 25. gxf4 exf4 26. f3 Nd7 27. Rg1 Nde5 28. Nxe5 Bxe5
29. Bf1 Kh7 30. Ne2 g4 31. Bc3 gxf3 32. Bxe5 fxe2 33. Qxe2 Qxe5 34. Kh1 Qxe4+
35. Qxe4 Rxe4 36. Bd3 Bf5 37. Rb7+ Kh6 38. Bxe4 Bxe4+ 39. Kh2 Ne5 40. Rgg7 Rf8
41. Rge7 Nf3+ 42. Kg2 Ng5+ 43. Kf1 Bd3+ 44. Kf2 Bxc4 45. h4 Nh3+ 46. Kg2 f3+ 47.
Kxh3 f2 48. Re6+ 1-0

[Event "European Blitz 2022"]
[Site "Katowice POL"]
[Date "2022.12.16"]
[Round "22.46"]
[White "Monroy, Charles"]
[Black "Sliwicka, Alicja"]
[Result "0-1"]
[WhiteTitle "IM"]
[BlackTitle "WIM"]
[WhiteElo "2395"]
[BlackElo "2284"]
[WhiteFideId "621641"]
[BlackFideId "1150677"]
[EventDate "2022.12.16"]

1. Nf3 c5 2. c4 Nc6 3. Nc3 g6 4. e3 Bg7 5. d4 cxd4 6. exd4 Nf6 7. d5 Nb8 8. Be2
d6 9. h3 a5 10. O-O Na6 11. Be3 O-O 12. Rc1 Bd7 13. Qd2 Rc8 14. b3 Nc5 15. Nd4
Nfe4 16. Nxe4 Nxe4 17. Qc2 f5 18. Rcd1 b5 19. Ne6 Bxe6 20. dxe6 Qc7 21. Bd4 Bxd4
22. Rxd4 Qc5 23. Rfd1 d5 24. Bf3 dxc4 25. bxc4 Nf6 26. Qc3 bxc4 27. Rc1 Qe5 28.
Rxc4 Qxc3 29. R1xc3 Rxc4 30. Rxc4 Rb8 31. Rc5 Rb1+ 32. Kh2 Rb6 33. Rxa5 Rxe6 34.
a4 Re1 35. Ra7 Kf7 36. Rb7 Ra1 37. Rb4 Ra2 38. Kg1 Ra1+ 39. Kh2 Ra2 40. a5 Rxa5
41. g3 Ra7 42. Kg2 e5 43. Rb6 e4 44. Be2 Rc7 45. Ra6 h5 46. h4 Nd7 47. Bd1 Ne5
48. Rd6 Nd3 49. Be2 Ne5 50. Kf1 Rc1+ 51. Kg2 Rc2 52. Kf1 Rb2 53. Ra6 Nd3 54.
Ra7+ Kf6 55. Ra6+ Kg7 56. Ra7+ Kh6 57. Rd7 Rb1+ 58. Kg2 Ne1+ 59. Kh2 Rb2 60. Bc4
Rxf2+ 61. Kg1 Rf3 62. Bg8 g5 63. Be6 Nd3 64. Rd6 Kg7 65. hxg5 Rxg3+ 66. Kh2 Rxg5
67. Bc4 Nf4 68. Ra6 Rg2+ 69. Kh1 Rg5 70. Kh2 e3 71. Ra3 e2 72. Re3 Kf6 73. Bxe2
Rg2+ 74. Kh1 Rxe2 75. Rf3 Re4 76. Rf2 Kg5 77. Rf3 h4 78. Rf2 Re2 79. Rf3 Kg4 80.
Rf1 Re3 81. Rf2 Ne2 82. Rg2+ Ng3+ 83. Kh2 Re1 84. Rf2 Rh1+ 85. Kg2 h3# 0-1

[Event "European Blitz 2022"]
[Site "Katowice POL"]
[Date "2022.12.16"]
[Round "22.47"]
[White "Kastelik, Adrian"]
[Black "Barski, Radoslaw"]
[Result "0-1"]
[BlackTitle "IM"]
[WhiteElo "2091"]
[BlackElo "2441"]
[WhiteFideId "1134701"]
[BlackFideId "1131710"]
[EventDate "2022.12.16"]

1. e4 e5 2. Nf3 Nc6 3. c3 Nf6 4. d4 exd4 5. e5 Nd5 6. Bc4 Nb6 7. Bb3 d5 8. cxd4
Bg4 9. Nc3 Be7 10. a4 a5 11. h3 Bh5 12. Bf4 O-O 13. Nb5 Qd7 14. Bc2 Bg6 15. Bxg6
fxg6 16. Bg3 Nd8 17. O-O c6 18. Nc3 g5 19. Nh2 Qf5 20. Qg4 Ne6 21. Qxf5 Rxf5 22.
Rfd1 Nd7 23. b3 Ndf8 24. Ng4 Ng6 25. Ne3 Rff8 26. Bh2 Ngf4 27. Bxf4 gxf4 28. Nf1
f3 29. g3 Bd8 30. Ne3 Bb6 31. Nc2 Rad8 32. Rd3 h5 33. h4 g5 34. Rad1 gxh4 35.
gxh4 Rf4 36. R1d2 Rdf8 37. Nd1 Rg4+ 38. Kf1 Rxh4 39. Kg1 Rf7 40. Ne1 Rg7+ 0-1